000 00699nam a2200241Ia 4500
003 OSt
005 20220926031304.0
006 a|||||r|||| 00| 0
007 ta
008 220923b |||||||| |||| 00| 0 eng d
037 _cGeneral Book
040 _aRTL
_cRTL
_beng
041 _2eng
_aeng
082 _aL:461,E92Z2.7918, J6/UN
100 _aWaterlow J
_9335444
245 0 _aProtein malnutirition in Brazil
260 _aRome
_bFood and Agriculture Organization
_c1956
300 _a40p.
_ccm.
650 _aMedicine
_94387
700 _a Vergara A
_9335445
942 _hL:461,E92Z2.7918, J6/UN
_cGB
_2CC
999 _c651976
_d651976